000 00892nam a22002897a 4500
001 BR8703703
003 BR-BrBNA
005 20230928092624.0
007 ta
008 230509b bl.||||| |||| 00| 0 por d
040 _aBR-BrBNA
_bpor
_cBiblioteca Nacional de Agricultura
041 _a(Por)
072 _aE14
_b/G514
090 _ E14 BR8703703
100 1 _aMorandi, J.L.
110 1 _aMinisterio da Agricultura, Brasilia, DF (Brasil). Secretaria Geral;
110 1 _aFAO, Brasilia, DF (Brasil)
_94523
245 1 _aImplementacion de una propuesta metodologica de acompanamiento de programas y proyectos agricolas en el estado de Alagoas
260 3 _aBrasilia, DF (Brasil):
_c1983.
300 _a91 p.
500 _a16 tables
650 _aPROJETO AGRICOLA
650 _aDESENVOLVIMENTO RURAL
650 _aALAGOAS
909 _a202309
_bLucia
_c55
_dLucia Elande
942 _cBK
999 _c40215
_d40215